00836nam a2200229 i 450000100060000000300090000600500170001500700030003200800410003502000180007610000360009424501030013026000330023330000360026649000340030250400280033670000340036483000420039885200310044099900170047195201180048836595ES-MaACL20250808040924.0t|030218s1986 sp ||||1| spa d a84-206-9031-71 aBrown, Jonathan, d1939-93200510aVelázquez b: pintor cortesano / cJonathan Brown ; versión española de Fernando Villaverde. aMadrid : bAlianza, c[1986] aXIII, 322 p. : bil. ; c34 cm.1 aAlianza forma. Serie especial aBibliografía. Indice.1 aVillaverde, Fernando.911517500aAlianza forma. Serie especial9181045 aES-MaACLjB-456 bR.112613 c36595d36595 00104070aATENEOMbATENEOMcSPBd2008-01-17eSCl0oB-456p1038460r2023-02-23 00:00:00w2023-02-23yMONOGRAFIA